000 00550nam a2200181Ia 4500
008 120917t2007 xxu||||| |||| 00| 0 sin d
041 _asin
080 _a8 - 3 (Yo)
_bBLY
100 _aBlyton, Enid
245 _aඅරුම පුදුම මායා පුටුවේ හාස්කම්
246 _aAruma Puduma Maya Putuwe Haskam
260 _aPahan Publishers
_aColombo
_c2007
300 _b104p, ill, 21 cm
700 _aGunasekara, Manel Jayanthi
_etr.
942 _cBK
999 _c41609
_d41609
003 LK-CoDNM
040 _aLK-CoDNM
_dLK-CoDNM
_eLK-CoDNM